Industrial Organization (Record no. 1921)
[ view plain ]
| 000 -LEADER | |
|---|---|
| fixed length control field | 00344nam a22001337a 4500 |
| 008 - FIXED-LENGTH DATA ELEMENTS--GENERAL INFORMATION | |
| fixed length control field | 250210b |||||||| |||| 00| 0 eng d |
| 020 ## - INTERNATIONAL STANDARD BOOK NUMBER | |
| ISBN | 0134834721 |
| 100 ## - MAIN ENTRY--AUTHOR | |
| Author | BURGESS, |
| 245 ## - TITLE STATEMENT | |
| Title | Industrial Organization |
| 260 ## - PUBLICATION, DISTRIBUTION, ETC. (IMPRINT) | |
| Place of publication | New Jersey |
| Name of publisher | Prentice- Hall International, Inc. |
| Date of publication | 1989 |
| 300 ## - COLLATION | |
| Pagination | xiii, 381p. |
| 942 ## - ADDED ENTRY ELEMENTS (KOHA) | |
| Item type | Books |
| 050 ## - LIBRARY OF CONGRESS CALL NUMBER | |
| Classification number | HD3611 |
| Item number | .B87 |
| Source of classification or shelving scheme | Not for loan | Permanent location | Current location | Date acquired | Accession No. | Full call number | Barcode. | Koha item type |
|---|---|---|---|---|---|---|---|---|
| Library of Congress Classification | Samuel Ogbemudia Main Library, University of Abuja | Samuel Ogbemudia Main Library, University of Abuja | 02/10/2025 | 91/006075 | HD3611.B87 | 2025-0055 | Books |